Candy Wrappers Close-Up II Quiz Stats

 Plays Quiz Updated Feb 3, 2015

Challenge
Share
Tweet
Score 0/20 Timer 04:00
9 Plays Today
Wrapper Candy % Correct
Skittles
98.6%
M&M's
98.3%
Starburst
95.6%
Gummy Bears
92.6%
Twizzlers
89.5%
Tootsie Roll
89.2%
LifeSavers
88.7%
Mike and Ike's
85.1%
Nerds
84.8%
Whoppers
82.6%
Wrapper Candy % Correct
Cadbury Creme Egg
82.5%
Mr. Goodbar
79.6%
Hot Tamales
79%
Swedish Fish
77.6%
Heath Bar
76.4%
Airheads
76.2%
100 Grand
71.2%
Toblerone
69.8%
Pop Rocks
65.8%
Sour Patch Kids
65.3%

You're not logged in!

Compare scores with friends on all Sporcle quizzes.
Join for Free
OR
Log In

You Might Also Like...

Show Comments

Extras

Top Quizzes Today


Score Distribution

Your Account Isn't Verified!

In order to create a playlist on Sporcle, you need to verify the email address you used during registration. Go to your Sporcle Settings to finish the process.

Report this User

Report this user for behavior that violates our Community Guidelines.

Details: